000 00278nam a22001337a 4500
008 180226b xxu||||| |||| 00| 0 eng d
020 _a0397504098
041 _aeng
080 _a617
100 _a6
101 _aANE
245 _aAnesthiology
_cOrkin, F.K
942 _2udc
_cBK
999 _c43508
_d43508